|
|
|
|
| LEADER |
00000nam0a2200000 4500 |
| 001 |
372925 |
| 005 |
20231102012524.0 |
| 010 |
|
|
|a 5747902520
|
| 035 |
|
|
|a (RuTPU)RU\TPU\retro\30350
|
| 035 |
|
|
|a RU\TPU\book\268982
|
| 090 |
|
|
|a 372925
|
| 100 |
|
|
|a 20221215d1990 m y0rusy50 ca
|
| 101 |
0 |
|
|a rus
|
| 102 |
|
|
|a RU
|
| 105 |
|
|
|a a z 000zy
|
| 200 |
1 |
|
|a Таймыр: путешествие в край, овеянный легендами и ледяными ветрами
|f сост. В. А. Данильченко
|
| 210 |
|
|
|a Красноярск
|c Красноярское книжное издательство
|d 1990
|
| 215 |
|
|
|a 135 с.
|c ил.
|
| 606 |
1 |
|
|a Экономика
|y Россия
|y Западная Сибирь
|2 stltpush
|3 (RuTPU)RU\TPU\subj\64436
|9 81334
|
| 610 |
1 |
|
|a Таймыр
|
| 610 |
1 |
|
|a история
|
| 686 |
|
|
|a У9(2Р53)
|v LBC/SL-A
|2 rubbk
|
| 686 |
|
|
|a Т3(2Р53)
|v LBC/SL-A
|2 rubbk
|
| 702 |
|
1 |
|a Данильченко
|b В. А.
|g Виталий Александрович
|4 220
|
| 801 |
|
1 |
|a RU
|b 63413507
|c 20131227
|
| 801 |
|
2 |
|a RU
|b 63413507
|c 20230623
|g RCR
|
| 942 |
|
|
|c BK
|